El control integrado de gestión (Registro nro. 954)

Detalles MARC
000 -LEADER
fixed length control field 01189 a2200217 4500
001 - CONTROL NUMBER
control field 22297
005 - DATE AND TIME OF LATEST TRANSACTION
control field 20260407155512.0
008 - FIXED-LENGTH DATA ELEMENTS--GENERAL INFORMATION
fixed length control field 260407a1996 arg spa d
003 - CONTROL NUMBER IDENTIFIER
control field AR-UNSa-BCEJYS
040 ## - CATALOGING SOURCE
Original cataloging agency AR-UNSa-BCEJYS
Language of cataloging spa
Transcribing agency AR-UNSa-BCEJYS
080 ## - UNIVERSAL DECIMAL CLASSIFICATION NUMBER
Universal Decimal Classification number 658.012.4
Common auxiliary subdivision Gestión. Dirección. Autoridad. Técnicas y métodos de gestión (gestión del conocimiento, Outsourcing, Benchmarking...)
020 ## - INTERNATIONAL STANDARD BOOK NUMBER
International Standard Book Number 968-18-0238-1
100 1# - MAIN ENTRY--PERSONAL NAME
Personal name Blanco Illescas, Francisco
245 10 - TITLE STATEMENT
Title El control integrado de gestión
264 #1 - PRODUCTION, PUBLICATION, DISTRIBUTION, MANUFACTURE, AND COPYRIGHT NOTICE
Place of production, publication, distribution, manufacture México :
Name of producer, publisher, distributor, manufacturer Limusa
Date of production, publication, distribution, manufacture, or copyright notice 1996
300 ## - PHYSICAL DESCRIPTION
Extent xv, 254 p.
Dimensions 23 cm.
505 ## - FORMATTED CONTENTS NOTE
Formatted contents note 1. Un nuevo enfoque de la gestión - 2. La planificación como sistema - 3. Planificación integrada y standards de gestión - 4. El control como sistema - 5. Control integrado de gestión - 6. El cuadro de mando(I)- 7. El cuadro de mando (II) - 8. Evaluaciones de gestión - 9. La implementación de gestión - 10. La información como sistema - 11. Organización de la planificación y el control.
590 ## - LOCAL NOTE (RLIN)
Local note niveau_biblio:m niveau_hierar:0
856 41 - ELECTRONIC LOCATION AND ACCESS
Uniform Resource Identifier <a href="https://biblioeco.unsa.edu.ar/pmb/images/libros/Control Integrado de Gesti?n.jpg">https://biblioeco.unsa.edu.ar/pmb/images/libros/Control Integrado de Gesti?n.jpg</a>
Link text Imagen de portada
Electronic format type image/jpeg
942 ## - ADDED ENTRY ELEMENTS (KOHA)
Koha item type
Existencias
Withdrawn status Lost status Damaged status Not for loan Home library Current library Shelving location Date acquired Total checkouts Full call number Barcode Date last seen Price effective from Koha item type
        Biblioteca Prof. Eusebio Cleto del Rey Biblioteca Prof. Eusebio Cleto del Rey   07/04/2026   658.012.4 B638 L65263 07/04/2026 07/04/2026 Libro
        Biblioteca Prof. Eusebio Cleto del Rey Biblioteca Prof. Eusebio Cleto del Rey   07/04/2026   658.012.4 B638 L65262 07/04/2026 07/04/2026 Libro